| 000 | 00465nam a2200169 4500 | ||
|---|---|---|---|
| 003 | LK-CoMWRAF | ||
| 005 | 20231117152508.0 | ||
| 008 | 231117b |||||||| |||| 00| 0 eng d | ||
| 040 |
_aLK-CoMWRAF _dLK-CoMWRAF _eLK-CoMWRAF |
||
| 041 | _aeng | ||
| 082 |
_a297.577 _bCHA |
||
| 245 |
_aCharacteristics of an ideal Muslim : _bHusband and wife |
||
| 260 |
_aDehiwala : _bKnowledge box, |
||
| 650 | _aIslam--Family | ||
| 700 |
_aMohamed, A. C. Agar _ecomp. |
||
| 942 | _cBK | ||
| 999 |
_c4107 _d4107 |
||